[Event "Ottawa op"]
[Site "Ottawa CAN"]
[Date "1998.09.19"]
[Round "2"]
[White "Schleifer, Michael"]
[Black "Pacey, Kevin"]
[Result "1-0"]
[WhiteElo "2449"]
[BlackElo "2298"]
[PlyCount "103"]
[EventDate "1998.09.19"]
[EventType "swiss"]
[EventRounds "5"]
[EventCountry "CAN"]

1. d4 Nf6 2. Nf3 e6 3. c4 d5 4. Nc3 c5 5. cxd5 Nxd5 6. e4 Nxc3 7. bxc3 cxd4 8.
cxd4 Bb4+ 9. Bd2 Bxd2+ 10. Qxd2 O-O 11. Bd3 Nc6 12. Bc2 Qa5 13. Qxa5 Nxa5 14.
Bd3 b6 15. Rc1 Bb7 16. Kd2 Rac8 17. Ke3 Rfd8 18. h4 Kf8 19. h5 h6 20. g4 Rxc1
21. Rxc1 Rc8 22. Rxc8+ Bxc8 23. Ne5 Ke7 24. f4 Bb7 25. g5 Kf8 26. Ng4 hxg5 27.
fxg5 Bc6 28. h6 Kg8 29. Kf4 Ba4 30. d5 exd5 31. exd5 Nb7 32. Ne5 gxh6 33. gxh6
Nd6 34. Nc6 a5 35. Ke5 Nb7 36. Ne7+ Kh8 37. Nc8 Nc5 38. Bf5 b5 39. Kd4 Nb7 40.
d6 Bd1 41. d7 b4 42. Nd6 Nd8 43. Kc4 Ba4 44. Kc5 b3 45. axb3 Bxb3 46. Kb6 Be6
47. Bc2 Bxd7 48. Kc7 Bh3 49. Kxd8 f5 50. Nf7+ Kg8 51. Ng5 Bg4 52. Ke7 1-0

[Event "Wentworth Active"]
[Site "Ancaster CAN"]
[Date "1998.08.22"]
[Round "?"]
[White "Schleifer, Michael"]
[Black "Milicevic, Goran"]
[Result "1-0"]
[WhiteElo "2495"]
[BlackElo "2406"]
[PlyCount "80"]
[EventDate "1998.08.22"]
[EventType "swiss"]
[EventRounds "5"]
[EventCountry "CAN"]
[Source "CFC"]
[SourceDate "1999.04.??"]

1. d4 d5 2. Nf3 c6 3. Bg5 Nf6 4. Nbd2 Bf5 5. g3 Nbd7 6. Nh4 Be6 7. c3 h6 8.
Bxf6 Nxf6 9. Bg2 Qb6 10. Nb3 a5 11. O-O g5 12. Nf3 Bf5 13. Qc1 Bg7 14. Ne5 Nd7
15. Nxd7 Bxd7 16. e4 dxe4 17. Bxe4 O-O 18. Re1 Rae8 19. Qc2 e5 20. dxe5 Bxe5
21. Bf5 Bxf5 22. Qxf5 Bg7 23. Qxa5 Rxe1+ 24. Rxe1 Qxa5 25. Nxa5 Ra8 26. Nxb7
Rxa2 27. Re2 Bf8 28. Nd8 Ra6 29. b4 Kg7 30. Rd2 c5 31. b5 Ra1+ 32. Kg2 c4 33.
Rd4 Rb1 34. Rxc4 Rxb5 35. Rc7 Bd6 36. Rxf7+ Kg6 37. Rd7 Be5 38. c4 Rb2 39. Nc6
Bf6 40. Ne7+ Kf7 1-0

[Event "Quebec op"]
[Site "Montreal CAN"]
[Date "1998.07.25"]
[Round "1"]
[White "Tansky, Alexandr"]
[Black "Schleifer, Michael"]
[Result "1/2-1/2"]
[WhiteElo "2140"]
[BlackElo "2349"]
[PlyCount "160"]
[EventDate "1998.07.25"]
[EventType "swiss"]
[EventRounds "9"]
[EventCountry "CAN"]

1. d4 Nf6 2. Nf3 g6 3. g3 Bg7 4. Bg2 O-O 5. c4 d5 6. cxd5 Nxd5 7. O-O c5 8. e4
Nb6 9. d5 e6 10. dxe6 Bxe6 11. Nc3 Nc6 12. Be3 Nd4 13. Nd2 Qd7 14. Re1 Rad8 15.
Qc1 Rc8 16. f4 Bh3 17. Bh1 Nb5 18. e5 Nxc3 19. bxc3 f6 20. exf6 Bxf6 21. Ne4
Be7 22. Bf2 Bg4 23. Qc2 Rf7 24. Bg2 Nc4 25. a4 b6 26. Qa2 Na5 27. Rab1 c4 28.
Rb5 Rf5 29. Rb2 Rd5 30. Bd4 Rxd4 31. cxd4 Qxd4+ 32. Kh1 Qg7 33. Rb5 Kh8 34. Rd5
Nc6 35. Qxc4 Nb4 36. Qb5 a6 37. Qf1 Nxd5 38. Nf2 Nf6 39. Nxg4 Nxg4 40. Qe2 h5
41. h3 Bb4 42. Rb1 Qh7 43. Rxb4 Rc1+ 44. Bf1 Qb7+ 45. Kg1 Qc6 46. Rc4 Rxc4 47.
Qxc4 Qxc4 48. Bxc4 Ne3 49. Bxa6 h4 50. Kf2 Nd5 51. Bb7 hxg3+ 52. Kxg3 Nc3 53.
Bc6 Kg7 54. Kg4 Kf6 55. h4 Ne2 56. Be4 Nc3 57. Bc2 Nd5 58. Kf3 Nb4 59. Be4 Na6
60. Ke3 Nc5 61. Bc2 Ne6 62. Ke4 Nc5+ 63. Kf3 Ne6 64. Kg4 Nd4 65. Be4 Nb3 66.
Bd3 Nc5 67. Bc2 Nb7 68. h5 gxh5+ 69. Kxh5 Nc5 70. Kg4 Ne6 71. Kg3 Nd4 72. Bd3
Nb3 73. Kf3 Nc5 74. Bc2 Ke6 75. Ke3 Kd5 76. Bd1 Ke6 77. Kf3 Kf6 78. Bc2 Ke6 79.
Ke3 Kd5 80. Bd1 Ke6 1/2-1/2

[Event "Quebec op"]
[Site "Montreal CAN"]
[Date "1998.07.26"]
[Round "2"]
[White "Schleifer, Michael"]
[Black "Wenaas, Eric"]
[Result "1/2-1/2"]
[WhiteElo "2349"]
[BlackElo "2144"]
[PlyCount "140"]
[EventDate "1998.07.25"]
[EventType "swiss"]
[EventRounds "9"]
[EventCountry "CAN"]

1. d4 d5 2. c4 e6 3. cxd5 exd5 4. Nc3 Nf6 5. Bg5 Be7 6. e3 c6 7. Bd3 O-O 8. Qc2
Nbd7 9. Nge2 Re8 10. h3 Nf8 11. g4 Ng6 12. O-O-O Qa5 13. Ng3 b5 14. Nf5 Bxf5
15. gxf5 Nf8 16. Rdg1 Kh8 17. Kb1 N8d7 18. f3 b4 19. Ne2 c5 20. dxc5 Nxc5 21.
Nd4 Nxd3 22. Qxd3 Rac8 23. Rc1 Qb6 24. Rc2 h6 25. Bh4 Rc5 26. Rxc5 Bxc5 27. Rc1
Bxd4 28. exd4 Qd6 29. Qd2 Qd7 30. Qf4 Kh7 31. Rg1 Rg8 32. b3 Qb5 33. Qd2 Qd7
34. Qd3 Qd6 35. Bg3 Qd7 36. Be5 Qe7 37. Rc1 Rd8 38. Rc6 Kg8 39. Qc2 Kh7 40. Kb2
Kg8 41. Qg2 Kh7 42. Qg3 Ne8 43. Rc7 Rd7 44. Rc2 Qg5 45. Qg4 Nf6 46. Qxg5 hxg5
47. Rc8 Ng8 48. Rb8 f6 49. Bg3 a5 50. Rb5 Ne7 51. Rxa5 Nxf5 52. Bf2 Re7 53. Rc5
Kg6 54. Kc1 Re2 55. Rc2 Rxc2+ 56. Kxc2 Nh4 57. Be1 Nxf3 58. Bxb4 Nxd4+ 59. Kd3
Nc6 60. Bd6 Kf7 61. b4 Ke6 62. Bf8 g6 63. b5 Ne5+ 64. Ke3 f5 65. Bc5 g4 66.
hxg4 Nxg4+ 67. Kf4 Nf6 68. b6 g5+ 69. Ke3 Kd7 70. a4 Kc6 1/2-1/2

[Event "Quebec op"]
[Site "Montreal CAN"]
[Date "1998.07.27"]
[Round "4"]
[White "Schleifer, Michael"]
[Black "Gladu, Pierre"]
[Result "1-0"]
[WhiteElo "2349"]
[BlackElo "2136"]
[PlyCount "95"]
[EventDate "1998.07.25"]
[EventType "swiss"]
[EventRounds "9"]
[EventCountry "CAN"]

1. d4 Nf6 2. c4 g6 3. Nc3 Bg7 4. Bg5 O-O 5. e3 c5 6. Nf3 b6 7. Be2 Bb7 8. d5 d6
9. h3 e6 10. O-O exd5 11. cxd5 a6 12. a4 Re8 13. Qd3 Nbd7 14. e4 Qe7 15. Nd2 h6
16. Bh4 Ne5 17. Qc2 g5 18. Bg3 Nfd7 19. Rfe1 Bc8 20. Nf1 Nf8 21. Ne3 Nfg6 22.
Rab1 Nf4 23. Bf1 Bd7 24. Kh1 Rec8 25. Nf5 Bxf5 26. exf5 Nh5 27. b3 Nxg3+ 28.
fxg3 Qc7 29. Ne4 Nd7 30. f6 Nxf6 31. Nxf6+ Bxf6 32. Qf5 Be5 33. Rxe5 dxe5 34.
Bd3 f6 35. d6 Qg7 36. Bxa6 Rd8 37. Bc4+ Kh8 38. Rd1 Ra7 39. Be6 Qf8 40. d7 Kg7
41. h4 Qe7 42. h5 Kh8 43. Rd6 Raa8 44. Rc6 Rf8 45. Rc8 Rb8 46. Qg6 Qxe6 47.
Qxh6+ Kg8 48. Qxf8+ 1-0

[Event "Quebec op"]
[Site "Montreal CAN"]
[Date "1998.07.28"]
[Round "5"]
[White "Michaud, Gerald"]
[Black "Schleifer, Michael"]
[Result "0-1"]
[WhiteElo "1861"]
[BlackElo "2349"]
[PlyCount "44"]
[EventDate "1998.07.25"]
[EventType "swiss"]
[EventRounds "9"]
[EventCountry "CAN"]

1. d4 Nf6 2. e3 g6 3. Bd3 Bg7 4. Nd2 O-O 5. Ngf3 d6 6. O-O Nc6 7. c3 e5 8. Qc2
Qe7 9. b4 a6 10. Bb2 Bg4 11. e4 Bxf3 12. Nxf3 exd4 13. Nxd4 Ne5 14. f3 c5 15.
bxc5 dxc5 16. Ba3 Qc7 17. Nb3 c4 18. Bxf8 cxd3 19. Qd2 Rxf8 20. Rad1 Rd8 21.
Nd4 Nc4 22. Qg5 h6 0-1

[Event "Quebec op"]
[Site "Montreal CAN"]
[Date "1998.07.29"]
[Round "6"]
[White "Schleifer, Michael"]
[Black "Nataf, Igor A"]
[Result "1/2-1/2"]
[WhiteElo "2349"]
[BlackElo "2495"]
[PlyCount "64"]
[EventDate "1998.07.25"]
[EventType "swiss"]
[EventRounds "9"]
[EventCountry "CAN"]

1. d4 Nf6 2. c4 g6 3. Nc3 Bg7 4. e4 d6 5. f3 O-O 6. Be3 c5 7. Nge2 Nc6 8. Qd2
Qa5 9. d5 Ne5 10. Nc1 e6 11. Be2 exd5 12. cxd5 a6 13. O-O b5 14. Re1 Re8 15. a3
Bd7 16. b4 cxb4 17. axb4 Qc7 18. Nb3 Nh5 19. Rab1 Nc4 20. Bxc4 bxc4 21. Nd4 f5
22. b5 fxe4 23. Nxe4 axb5 24. Nxb5 Bxb5 25. Rxb5 Ra3 26. Bd4 Qd7 27. Bxg7 Qxb5
28. Bc3 Rf8 29. Qd4 Rxc3 30. Nxc3 Qb2 31. Rb1 Qc2 32. Rb7 Qc1+ 1/2-1/2

[Event "Quebec op"]
[Site "Montreal CAN"]
[Date "1998.08.01"]
[Round "9"]
[White "Oratovsky, Michael"]
[Black "Schleifer, Michael"]
[Result "1-0"]
[WhiteElo "2465"]
[BlackElo "2349"]
[PlyCount "109"]
[EventDate "1998.07.25"]
[EventType "swiss"]
[EventRounds "9"]
[EventCountry "CAN"]

1. e4 g6 2. d4 Bg7 3. Nf3 d6 4. c3 Nf6 5. Bd3 O-O 6. O-O Nc6 7. b4 a6 8. a3 e5
9. Nbd2 h6 10. Re1 Nh5 11. Nb3 Nf6 12. d5 Ne7 13. c4 Nh7 14. Nfd2 f5 15. f3 f4
16. c5 g5 17. Nc4 h5 18. a4 g4 19. Ba3 Ng5 20. b5 gxf3 21. gxf3 Nh3+ 22. Kf1
Nxd5 23. exd5 Qg5 24. Qc2 Qg1+ 25. Ke2 Qg2+ 26. Kd1 Nf2+ 27. Kc1 Nxd3+ 28. Qxd3
axb5 29. axb5 Bf5 30. Re4 Bxe4 31. Qxe4 Ra4 32. Nbd2 dxc5 33. Rb1 b6 34. Bb2
Rd8 35. Bc3 Qxh2 36. Kc2 Qg2 37. Re1 Re8 38. Re2 Qg5 39. Kb3 Raa8 40. Re1 Rad8
41. Rh1 Rd7 42. d6 cxd6 43. Qd5+ Kh7 44. Nxb6 Ra7 45. Nbc4 Rb8 46. Nxd6 Rd7 47.
N2e4 Qg6 48. Kc4 Rbd8 49. Bxe5 Bxe5 50. Qxe5 Rxd6 51. Rxh5+ Kg8 52. Qh8+ Kf7
53. Rh7+ Ke6 54. Nxc5+ Kf5 55. Rh5+ 1-0

[Event "RA Summer op"]
[Site "Ottawa CAN"]
[Date "1998.06.13"]
[Round "3"]
[White "Schleifer, Michael"]
[Black "Pacey, Kevin"]
[Result "1-0"]
[WhiteElo "2478"]
[BlackElo "2304"]
[PlyCount "101"]
[EventDate "1998.06.13"]
[EventType "swiss"]
[EventRounds "5"]
[EventCountry "CAN"]

1. d4 Nf6 2. Nf3 d5 3. c4 c6 4. Nc3 dxc4 5. a4 Bf5 6. e3 e6 7. Bxc4 Bb4 8. O-O
O-O 9. Nh4 Nbd7 10. f3 Bg6 11. Nxg6 hxg6 12. Qb3 Qb6 13. Rd1 a5 14. Kh1 Rad8
15. e4 e5 16. d5 Bc5 17. Bg5 Qxb3 18. Bxb3 Nb6 19. dxc6 bxc6 20. Ne2 Bf2 21.
Bd2 Ra8 22. Bc3 Nbd7 23. Rd6 c5 24. Bc4 Bd4 25. g4 Rfd8 26. Bb5 Kf8 27. g5 Ke7
28. Rxd4 exd4 29. gxf6+ gxf6 30. Bd2 Ne5 31. Kg2 Rh8 32. Ra3 Kd6 33. f4 Nc6 34.
Ng3 Rh4 35. h3 Nb4 36. Ne2 Ra7 37. Ra1 Re7 38. Ng3 Nc2 39. Rh1 Ra7 40. Kf3 Nb4
41. Kg2 Rc7 42. Rc1 Ra7 43. Ne2 Na2 44. e5+ fxe5 45. fxe5+ Kxe5 46. Rxc5+ Kd6
47. Rc6+ Kd5 48. Be1 Re4 49. Rc8 Ree7 50. Bf2 Re5 51. Rd8+ 1-0

[Event "RA Winter op"]
[Site "Ottawa CAn"]
[Date "1998.01.10"]
[Round "3"]
[White "Pacey, Kevin"]
[Black "Schleifer, Michael"]
[Result "0-1"]
[WhiteElo "2321"]
[BlackElo "2472"]
[PlyCount "114"]
[EventDate "1998.01.10"]
[EventType "swiss"]
[EventRounds "5"]
[EventCountry "CAN"]

1. d4 c5 2. d5 Nf6 3. Nc3 e5 4. e4 d6 5. Nf3 Be7 6. Be2 Nbd7 7. O-O Nf8 8. a3
Ng6 9. Bb5+ Nd7 10. b4 Qc7 11. bxc5 Qxc5 12. Qd3 O-O 13. Rb1 Qc7 14. Na4 Nf6
15. Be3 Ng4 16. Rfc1 f5 17. Qc3 Qd8 18. Bd3 Nxe3 19. fxe3 f4 20. exf4 Nxf4 21.
Rf1 Bd7 22. Nb2 b5 23. Kh1 Kh8 24. Qd2 Rc8 25. Nd1 Nxd3 26. cxd3 Qc7 27. Rb2
Qc5 28. h3 Qxa3 29. Ra2 Qc5 30. Qa5 Ra8 31. Rff2 Rfc8 32. Rfc2 Qxc2 33. Rxc2
Rxc2 34. Ne3 Rcc8 35. Kh2 Kg8 36. Qa6 Rcb8 37. d4 Rb6 38. Qa2 exd4 39. Nxd4 Bg5
40. Nec2 b4 41. Qc4 Rc8 42. Nc6 b3 43. N2b4 a5 44. Qd4 Rxb4 45. Nxb4 Bf6 46.
Qa7 axb4 47. Qxd7 Rd8 48. Qa4 Be5+ 49. g3 b2 50. Qxb4 Rc8 51. h4 h5 52. Qb5 Kh7
53. Qb7 Rc2+ 54. Kh3 Rc3 55. Kg2 Rxg3+ 56. Kf2 Rg4 57. Qb4 Bd4+ 0-1

[Event "Outaouais op"]
[Site "Hull CAN"]
[Date "1996.11.23"]
[Round "4"]
[White "Berube, Richard"]
[Black "Schleifer, Michael"]
[Result "0-1"]
[WhiteElo "2330"]
[BlackElo "2336"]
[PlyCount "100"]
[EventDate "1996.11.21"]
[EventType "swiss"]
[EventRounds "5"]
[EventCountry "CAN"]

1. e4 e5 2. Nf3 Nc6 3. d4 exd4 4. Bc4 d6 5. Nxd4 Ne5 6. Bb3 Nf6 7. Nc3 Be7 8.
h3 O-O 9. Nf3 Ned7 10. Be3 b6 11. O-O Bb7 12. Nd2 a6 13. a4 Re8 14. Qb1 Nc5 15.
Bxc5 bxc5 16. Qa2 Rf8 17. Rad1 Nd7 18. Nd5 Bf6 19. c3 Rb8 20. Rfe1 Ne5 21. Nc4
Bxd5 22. Rxd5 Qc8 23. f4 Ng6 24. Rf1 Ne7 25. Rdd1 Kh8 26. e5 dxe5 27. fxe5 Bg5
28. Bc2 Qe6 29. b3 g6 30. Rd3 Nc6 31. Re1 f6 32. Qa3 Qe7 33. e6 Rbd8 34. Qa1 f5
35. Qb1 Rf6 36. Rdd1 Rxe6 37. Rxe6 Qxe6 38. Re1 Qf6 39. Qb2 Bd2 40. Rd1 Bxc3
41. Rxd8+ Nxd8 42. Qc1 Bd4+ 43. Kh1 Qe6 44. Qd2 Nc6 45. Bd3 Nb4 46. Be2 Kg7 47.
Bf3 Nd3 48. Kh2 Ne5 49. Qe2 Nxf3+ 50. Qxf3 Qe1 0-1

[Event "Quebec-ch classe"]
[Site "Montreal CAN"]
[Date "1996.10.11"]
[Round "1"]
[White "Dumouchel, Alain"]
[Black "Schleifer, Michael"]
[Result "0-1"]
[WhiteElo "2040"]
[BlackElo "2340"]
[PlyCount "76"]
[EventDate "1996.10.11"]
[EventType "swiss"]
[EventRounds "5"]
[EventCountry "CAN"]

1. d4 Nf6 2. Bg5 d5 3. Bxf6 exf6 4. e3 Bd6 5. Ne2 f5 6. g3 Nd7 7. Bg2 Nf6 8.
Nd2 c6 9. O-O Be6 10. c4 O-O 11. c5 Bc7 12. b4 Ne4 13. Nb3 Qg5 14. Qd3 a6 15.
a4 Bd7 16. Rfe1 Rfe8 17. f3 Nf6 18. Nc3 h5 19. f4 Qh6 20. Nd2 Ne4 21. Nf3 f6
22. Rab1 g5 23. Ne2 h4 24. fxg5 fxg5 25. gxh4 g4 26. Ne5 Qxh4 27. Rf1 Bxe5 28.
dxe5 Rxe5 29. Rf4 Rae8 30. Rbf1 Nxc5 31. bxc5 Rxe3 32. Qb1 Rxe2 33. Qxb7 Qe7
34. Qxa6 Qxc5+ 35. Kh1 Qc2 36. Bxd5+ Kh7 37. Qa7 R8e7 38. Bf3 gxf3 0-1

[Event "Quebec-ch classe"]
[Site "Montreal CAN"]
[Date "1996.10.12"]
[Round "2"]
[White "Schleifer, Michael"]
[Black "Fillion, Steve"]
[Result "1/2-1/2"]
[WhiteElo "2340"]
[BlackElo "2145"]
[PlyCount "70"]
[EventDate "1996.10.11"]
[EventType "swiss"]
[EventRounds "5"]
[EventCountry "CAN"]

1. d4 d5 2. Nf3 e6 3. c4 Nf6 4. Nc3 c6 5. Qb3 Nbd7 6. g3 Bd6 7. Bg2 O-O 8. O-O
dxc4 9. Qxc4 e5 10. Rd1 Qe7 11. Bg5 h6 12. dxe5 Nxe5 13. Nxe5 Bxe5 14. Bxf6
Bxf6 15. Ne4 Be6 16. Nxf6+ Qxf6 17. Qb4 Rab8 18. Rd2 Rfd8 19. Rad1 Rxd2 20.
Rxd2 Rd8 21. a3 Rxd2 22. Qxd2 Qe7 23. Kf1 Qd7 24. Ke1 Qxd2+ 25. Kxd2 Kf8 26.
Kc3 Ke7 27. e4 Kd6 28. f4 f6 29. b4 b6 30. Bf1 c5 31. Ba6 Bf7 32. Bb7 Be6 33.
h4 Kc7 34. Ba6 Kd6 35. Be2 Ba2 1/2-1/2

[Event "Quebec-ch classe"]
[Site "Montreal CAN"]
[Date "1996.10.12"]
[Round "3"]
[White "Moisan-Plante, Marc-Olivier"]
[Black "Schleifer, Michael"]
[Result "1/2-1/2"]
[WhiteElo "2135"]
[BlackElo "2340"]
[PlyCount "69"]
[EventDate "1996.10.11"]
[EventType "swiss"]
[EventRounds "5"]
[EventCountry "CAN"]

1. e4 g6 2. d4 Bg7 3. Nf3 d6 4. Be2 Nf6 5. Nc3 O-O 6. O-O Bg4 7. Ng5 Bxe2 8.
Qxe2 Nc6 9. Rd1 Nd7 10. Be3 h6 11. Nf3 e6 12. a4 Ne7 13. a5 a6 14. h3 d5 15.
exd5 exd5 16. Qd2 Kh7 17. Bf4 c6 18. Ra3 Nf5 19. Rb3 b5 20. axb6 Nxb6 21. Ne5
Nc4 22. Nxc4 dxc4 23. Rb4 Qxd4 24. Qxd4 Nxd4 25. Rxc4 Rfd8 26. Kf1 Rab8 27. Ra1
g5 28. Be3 Nxc2 29. Rxa6 Rf8 30. Bb6 Rfe8 31. Ne4 c5 32. Rxc2 Rxe4 33. Bxc5
Bxb2 34. g4 Be5 35. Be3 1/2-1/2

[Event "Quebec-ch classe"]
[Site "Montreal CAN"]
[Date "1996.10.13"]
[Round "4"]
[White "Goldenberg, Danny"]
[Black "Schleifer, Michael"]
[Result "0-1"]
[WhiteElo "2045"]
[BlackElo "2340"]
[PlyCount "67"]
[EventDate "1996.10.11"]
[EventType "swiss"]
[EventRounds "5"]
[EventCountry "CAN"]

1. d4 Nf6 2. Nc3 d5 3. Bg5 e6 4. Nf3 Be7 5. Qd2 Nbd7 6. g3 h6 7. Bf4 Bb4 8. a3
Ne4 9. Qd3 Bxc3+ 10. bxc3 c5 11. c4 Qa5+ 12. Nd2 Nb6 13. Bg2 f5 14. O-O O-O 15.
Nb3 Qa4 16. Nxc5 Qxc4 17. Nb3 Bd7 18. Na5 Qa6 19. Qxa6 bxa6 20. f3 Nc3 21. Rfe1
Bb5 22. Kf2 Rf7 23. Nb3 Nca4 24. Bd6 Rc8 25. Rac1 Nc4 26. Bb4 Ncb6 27. Bc5 Rfc7
28. e4 Bc4 29. exf5 exf5 30. Bd6 Rc6 31. Bb4 Nc3 32. Na5 Rf6 33. Nxc4 Rxc4 34.
Re5 0-1

[Event "Beloeil CC-ch"]
[Site "Beloeil CAN"]
[Date "1996.10.22"]
[Round "3"]
[White "O'Donnell, Tom"]
[Black "Schleifer, Michael"]
[Result "1-0"]
[WhiteElo "2402"]
[BlackElo "2370"]
[PlyCount "77"]
[EventDate "1996.10.01"]
[EventType "swiss"]
[EventRounds "6"]
[EventCountry "CAN"]

1. e4 Nc6 2. d4 d5 3. Nc3 e6 4. Nf3 Nf6 5. e5 Ne4 6. Bd3 Bb4 7. Bd2 Nxd2 8.
Qxd2 Be7 9. a3 b6 10. b4 Bb7 11. O-O O-O 12. Ne2 Nb8 13. Nf4 Nd7 14. Rfe1 c5
15. c3 c4 16. Bc2 b5 17. g3 a5 18. h4 Re8 19. Nh2 axb4 20. axb4 Rxa1 21. Rxa1
Qc7 22. Ng4 Rf8 23. Bb1 Ra8 24. Rxa8+ Bxa8 25. Nh5 Bf8 26. Nhf6+ Nxf6 27. exf6
g6 28. Ne5 Qa7 29. h5 Qa1 30. Qc2 Qa4 31. Qc1 Qb3 32. Kg2 Bb7 33. hxg6 hxg6 34.
Bxg6 fxg6 35. Qg5 Qc2 36. Nxg6 Qe4+ 37. Kh2 Kf7 38. Ne5+ Ke8 39. f7# 1-0

[Event "Beloeil CC-ch"]
[Site "Beloeil CAN"]
[Date "1996.10.15"]
[Round "3"]
[White "Schleifer, Michael"]
[Black "Charest, Johanne"]
[Result "1-0"]
[WhiteElo "2399"]
[BlackElo "1831"]
[PlyCount "77"]
[EventDate "1996.10.01"]
[EventType "swiss"]
[EventRounds "6"]
[EventCountry "CAN"]

1. d4 d5 2. Nf3 c5 3. g3 Nc6 4. Bg2 cxd4 5. Nxd4 e5 6. Nxc6 bxc6 7. c4 Be6 8.
cxd5 Bb4+ 9. Bd2 Bxd2+ 10. Qxd2 cxd5 11. Nc3 Nf6 12. O-O O-O 13. Rfd1 Qb6 14.
e3 Rfd8 15. Na4 Qb5 16. b3 Rac8 17. Qb2 Qb8 18. Rac1 Qd6 19. Nc3 Qa6 20. Bf1
Qa5 21. b4 Qb6 22. Na4 Qb8 23. Nc5 Bg4 24. Re1 Nd7 25. Nxd7 Bxd7 26. Bg2 Be6
27. Rxc8 Rxc8 28. Rd1 Rd8 29. a4 f6 30. b5 Qb6 31. Qb4 Qc7 32. a5 Qc2 33. Re1
Kf7 34. b6 axb6 35. axb6 Qc6 36. Ra1 Bc8 37. h4 Rd6 38. Ra7+ Bb7 39. Rxb7+ 1-0

[Event "CAN-ch"]
[Site "Toronto CAN"]
[Date "1996.08.14"]
[Round "1"]
[White "Schleifer, Michael"]
[Black "Gravel, Simon M"]
[Result "1/2-1/2"]
[WhiteElo "2270"]
[BlackElo "2452"]
[PlyCount "27"]
[EventDate "1996.08.14"]
[EventType "tourn"]
[EventRounds "15"]
[EventCountry "CAN"]
[EventCategory "4"]

1. e4 c5 2. Nc3 e6 3. Nf3 Nc6 4. d4 cxd4 5. Nxd4 Qc7 6. Nxc6 dxc6 7. Bd3 e5 8.
Be3 Nf6 9. f3 Be6 10. a3 Nd7 11. Qe2 Bc5 12. Bd2 O-O 13. Nd1 b5 14. Ne3 1/2-1/2

[Event "CAN-ch"]
[Site "Toronto CAN"]
[Date "1996.08.15"]
[Round "2"]
[White "Leveille, Francois"]
[Black "Schleifer, Michael"]
[Result "0-1"]
[WhiteElo "2350"]
[BlackElo "2270"]
[PlyCount "84"]
[EventDate "1996.08.14"]
[EventType "tourn"]
[EventRounds "15"]
[EventCountry "CAN"]
[EventCategory "4"]

1. d4 Nf6 2. c4 e6 3. Nc3 Bb4 4. e3 O-O 5. Bd3 d5 6. Nf3 b6 7. O-O Bb7 8. Bd2
c5 9. cxd5 exd5 10. a3 Bxc3 11. Bxc3 c4 12. Bc2 Nc6 13. Ne5 b5 14. Nxc6 Bxc6
15. f3 Re8 16. Qd2 a5 17. Rae1 Qb6 18. Kh1 Reb8 19. b4 cxb3 20. Bxb3 b4 21.
axb4 axb4 22. Bb2 Bb5 23. Rf2 Bc4 24. Bc2 Qc7 25. Bf5 Ne8 26. e4 Nd6 27. Bh3
Ba2 28. Qf4 Re8 29. Rc1 Qb8 30. Bd7 Rd8 31. Bc6 Ra5 32. Rc5 Qb6 33. exd5 h6 34.
Qc1 Ra7 35. Re2 Qa6 36. Qe1 Kf8 37. Rb5 Bc4 38. Qh4 f6 39. Rxb4 Bxe2 40. h3
Bxf3 41. gxf3 Qf1+ 42. Kh2 Re7 0-1

[Event "CAN-ch"]
[Site "Toronto CAN"]
[Date "1996.08.16"]
[Round "3"]
[White "Schleifer, Michael"]
[Black "Horton, Joe"]
[Result "1-0"]
[WhiteElo "2270"]
[BlackElo "2325"]
[PlyCount "73"]
[EventDate "1996.08.14"]
[EventType "tourn"]
[EventRounds "15"]
[EventCountry "CAN"]
[EventCategory "4"]

1. Nf3 Nf6 2. g3 g6 3. Bg2 Bg7 4. O-O O-O 5. c4 c5 6. d4 cxd4 7. Nxd4 Nc6 8.
Nc2 d6 9. Nc3 Be6 10. b3 Qd7 11. Bb2 Bh3 12. Ne3 Bxg2 13. Kxg2 Ne4 14. Na4 Ng5
15. Bxg7 Qh3+ 16. Kg1 Kxg7 17. Nc3 e5 18. Ned5 f5 19. f4 Ne6 20. Rf2 g5 21. Qf1
Qh5 22. e3 Rad8 23. Kh1 Rd7 24. b4 Kh8 25. a3 Rg7 26. Ne2 Rg6 27. Qe1 gxf4 28.
exf4 Rh6 29. Qc3 Ncd4 30. Re1 Nxe2 31. Rexe2 Nd4 32. Re1 Re6 33. fxe5 dxe5 34.
Nf4 Qf7 35. Nxe6 Nxe6 36. Qxe5+ Ng7 37. Qd4 1-0

[Event "CAN-ch"]
[Site "Toronto CAN"]
[Date "1996.08.17"]
[Round "4"]
[White "Teodoro, Eduardo"]
[Black "Schleifer, Michael"]
[Result "1-0"]
[WhiteElo "2290"]
[BlackElo "2270"]
[PlyCount "79"]
[EventDate "1996.08.14"]
[EventType "tourn"]
[EventRounds "15"]
[EventCountry "CAN"]
[EventCategory "4"]
[Source "CFC"]
[SourceDate "2002.12.??"]

1. e4 e6 2. d4 d5 3. exd5 exd5 4. c4 Nf6 5. Nc3 Be7 6. Bd3 dxc4 7. Bxc4 O-O 8.
Nge2 Bf5 9. O-O Nc6 10. Be3 Ne4 11. Nxe4 Bxe4 12. Nc3 Bf5 13. d5 Ne5 14. Be2
Qd7 15. h3 Qc8 16. f4 Ng6 17. g4 Bd7 18. f5 Ne5 19. Bd4 f6 20. Bxe5 fxe5 21.
Ne4 Qd8 22. Qd2 h6 23. Rf3 c6 24. d6 Bh4 25. Raf1 Bg5 26. Qc3 Bf4 27. Bc4+ Kh7
28. Be6 b6 29. Qc4 Qe8 30. Rc3 c5 31. Bxd7 Qxd7 32. Qe6 Rf7 33. h4 Re8 34. Qxd7
Rxd7 35. Rd1 Rf8 36. Kg2 h5 37. b4 cxb4 38. Rc7 Rff7 39. g5 Rxc7 40. g6+ 1-0

[Event "CAN-ch"]
[Site "Toronto CAN"]
[Date "1996.08.18"]
[Round "5"]
[White "Schleifer, Michael"]
[Black "Livshits, Ron"]
[Result "1-0"]
[WhiteElo "2270"]
[BlackElo "2390"]
[PlyCount "77"]
[EventDate "1996.08.14"]
[EventType "tourn"]
[EventRounds "15"]
[EventCountry "CAN"]
[EventCategory "4"]

1. d4 d5 2. g3 Nf6 3. Bg2 c6 4. Nh3 Bf5 5. Nf4 e6 6. h3 h6 7. O-O Bd6 8. c4
Nbd7 9. Qb3 Rb8 10. Nc3 O-O 11. Be3 Qe7 12. Rac1 Rfc8 13. Nb1 Ne4 14. Nd2 Nxd2
15. Bxd2 Qf6 16. Nh5 Qe7 17. g4 Bg6 18. Ng3 dxc4 19. Rxc4 Nb6 20. Rcc1 c5 21.
dxc5 Bxc5 22. Ne4 Bxe4 23. Bxe4 Rd8 24. Bf4 Bd6 25. Be3 Nd5 26. Bxa7 Nf4 27.
Rc2 Qh4 28. Bg2 Rbc8 29. Rxc8 Nxe2+ 30. Kh1 Rxc8 31. Qd3 Bc5 32. Bxc5 Nf4 33.
Qe3 e5 34. Bd6 h5 35. Bxe5 Nxg2 36. Kxg2 hxg4 37. hxg4 Qxg4+ 38. Bg3 Qf5 39.
Qf3 1-0

[Event "CAN-ch"]
[Site "Toronto CAN"]
[Date "1996.08.19"]
[Round "6"]
[White "Jung, Hans"]
[Black "Schleifer, Michael"]
[Result "1-0"]
[WhiteElo "2215"]
[BlackElo "2270"]
[PlyCount "80"]
[EventDate "1996.08.14"]
[EventType "tourn"]
[EventRounds "15"]
[EventCountry "CAN"]
[EventCategory "4"]

1. e4 e6 2. d4 c5 3. c3 d5 4. e5 Nc6 5. Nf3 Qb6 6. Be2 f6 7. O-O fxe5 8. dxe5
Bd7 9. a3 c4 10. Nbd2 Qc7 11. b3 cxb3 12. c4 Nge7 13. Nxb3 Nxe5 14. Nxe5 Qxe5
15. Rb1 Qc7 16. Be3 Nf5 17. cxd5 Bd6 18. Rc1 Qd8 19. dxe6 Bxe6 20. Bb5+ Kf7 21.
Qf3 Kg8 22. Bc4 Bxc4 23. Rxc4 Qd7 24. Rd1 Qf7 25. Rdc1 Rf8 26. Bc5 h6 27. Bxa7
Bxa3 28. Rc7 Qg6 29. Rd1 Bd6 30. Rxb7 Kh7 31. Qh3 Be5 32. Nc5 Rd8 33. Rbb1 Bd4
34. Bb6 Rdf8 35. Nd7 Rf7 36. Bxd4 Nxd4 37. Ne5 Ne2+ 38. Kf1 Qf5 39. Nxf7 Qxf7
40. Kxe2 Qc4+ 1-0

[Event "CAN-ch"]
[Site "Toronto CAN"]
[Date "1996.08.20"]
[Round "7"]
[White "Schleifer, Michael"]
[Black "Yoos, John"]
[Result "1-0"]
[WhiteElo "2270"]
[BlackElo "2335"]
[PlyCount "111"]
[EventDate "1996.08.14"]
[EventType "tourn"]
[EventRounds "15"]
[EventCountry "CAN"]
[EventCategory "4"]
[Source "CFC"]
[SourceDate "2002.12.??"]

1. d4 g6 2. c4 Nf6 3. Nc3 Bg7 4. e4 d6 5. f3 O-O 6. Be3 Nc6 7. Bd3 e5 8. d5 Nd4
9. Nge2 Nd7 10. Nb5 Nxe2 11. Qxe2 a6 12. Nc3 f5 13. exf5 gxf5 14. O-O Qe7 15.
Rac1 Nc5 16. Bb1 a5 17. Rce1 b6 18. Qc2 Bd7 19. b3 Be8 20. Qd2 Bg6 21. f4 Ne4
22. Bxe4 fxe4 23. Nb5 exf4 24. Bxf4 Rae8 25. Qe3 Rf7 26. Bg5 Qd7 27. Rxf7 Qxf7
28. Rf1 Qd7 29. Bf6 Rf8 30. Bxg7 Rxf1+ 31. Kxf1 Qxg7 32. Nd4 Qe5 33. Kg1 Qh5
34. Ne6 Qd1+ 35. Kf2 Qc2+ 36. Kg3 Qd3 37. Qxd3 exd3 38. Kf2 Be4 39. Nxc7 Kf8
40. Nb5 Ke7 41. g3 a4 42. Ke3 axb3 43. axb3 Bf5 44. Nd4 Bg6 45. Nf3 Kf6 46. Ne1
d2 47. Kxd2 Kf5 48. Ke3 Kg4 49. Nf3 Kh3 50. Kf2 h5 51. Nd4 Kxh2 52. Nb5 Bc2 53.
b4 Bb3 54. Nxd6 Kh3 55. Nc8 Bxc4 56. Nxb6 1-0